| 000 | 00504nam a22001697a 4500 | ||
|---|---|---|---|
| 082 | _aP686 | ||
| 100 |
_aAsad Irshad (Syndicate Leader) _950941 |
||
| 245 |
_aDevelopment of Gui for upgradation of Pundit _bProject _cAsad Irshad (Syndicate Leader) |
||
| 250 | _a2016 | ||
| 260 |
_aRisalpur _bMCE _c2016 |
||
| 300 |
_aP63; _bill, _c26 cm |
||
| 526 |
_a0 _b0 _c0 _dP_686_000000000000000 |
||
| 526 |
_a0 _b0 _c0 _dP_686_000000000000000 |
||
| 650 | _aProject | ||
| 700 |
_aAsad Irshad _950942 |
||
| 942 |
_2ddc _cBKB |
||
| 999 |
_c553699 _d553699 |
||